Представление документа в формате MARC21

ПолеНазваниеЗначение
  Тип записи a
  Библиографический уровень m
001 Контрольный номер RU/URAIT/587771
005 Дата корректировки 20260429163625.2
008 Кодируемые данные 260429s2026 RU y f j 000 0 rus u
020 Индекс ISBN __
a ISBN 978-5-534-12023-3
c Цена, тираж 2559.00
040 Источник каталогиз. __
a Служба первич. каталог. ИКО Юрайт
c Служба, преобразующая запись ИКО Юрайт
e Правила каталог. RCR
041 Код языка издания __
a Код языка текста rus
044 Код страны публикации __
a Код страны публикации RU
080 Индекс УДК __
a Индекс УДК 655(075.8)
084 Индекс другой классификации/Индекс ББК __
2 Источник индекса rubbk
a Индекс другой классификации/Индекс ББК 37.8я73
100 Автор __
a Автор Самарин Ю. Н.
q Полное имя Самарин Юрий Николаевич
245 Заглавие __
a Заглавие Полиграфическое производство
b Продолж. заглавия учебник для вузов
c Ответственность Ю. Н. Самарин.
250 Сведения об издании __
g испр. и доп
a Основные сведения об издании 2-е изд.
256 Характеристики компьютерного файла __
a Характеристики компьютерного файла Электрон. дан.
260 Выходные данные __
a Место издания Москва
b Издательство Юрайт
c Дата издания 2026
300 Физическое описание __
a Объем 503 с
440 Серия __
a Серия Высшее образование
500 Примечания __
a Примечание URL: https://urait.ru/bcode/587771 (дата обращения: 29.04.2026).
520 Аннотация __
a Аннотация В учебнике изложены основные сведения о технологических процессах производства печатной продукции. Приведены сведения о конструкции и характеристиках печатной продукции, технологических операциях допечатного, печатного и послепечатного процессов, материалах, используемых при изготовлении печатных изданий, о полиграфическом оборудовании и средствах управления производством.
538 Прим. о системных особенностях __
a Прим. о системных особенностях Режим доступа: Электронно-библиотечная система Юрайт, для авториз. пользователей
653 Ключевые слова __
a Ключевые слова Полиграфия
653 Ключевые слова __
a Ключевые слова Технические науки
653 Ключевые слова __
a Ключевые слова Оборудование и технология допечатных процессов
653 Ключевые слова __
a Ключевые слова Технология печатных процессов
653 Ключевые слова __
a Ключевые слова Технология послепечатных процессов
653 Ключевые слова __
a Ключевые слова Проектирование полиграфического и упаковочного производства
653 Ключевые слова __
a Ключевые слова Материаловедение в полиграфическом и упаковочном производствах
653 Ключевые слова __
a Ключевые слова Основы полиграфического и упаковочного производств
653 Ключевые слова __
a Ключевые слова Основы полиграфического производства
653 Ключевые слова __
a Ключевые слова Технологии полиграфии
653 Ключевые слова __
a Ключевые слова Технология полиграфии
653 Ключевые слова __
a Ключевые слова Оборудование полиграфического производства
653 Ключевые слова __
a Ключевые слова Материаловедение в полиграфическом и упаковочном производстве
653 Ключевые слова __
a Ключевые слова Технология полиграфического производства
653 Ключевые слова __
a Ключевые слова Полиграфические материалы
653 Ключевые слова __
a Ключевые слова Оборудование полиграфического и упаковочного производства
653 Ключевые слова __
a Ключевые слова Основы полиграфического и упаковочного производства
653 Ключевые слова __
a Ключевые слова Композиционные материалы в полиграфическом производстве
653 Ключевые слова __
a Ключевые слова Введение в технологию полиграфического и упаковочного производства
653 Ключевые слова __
a Ключевые слова История полиграфического производства
653 Ключевые слова __
a Ключевые слова Материалы полиграфического производства
653 Ключевые слова __
a Ключевые слова Основы полиграфических и упаковочных производств
653 Ключевые слова __
a Ключевые слова Техника и технология полиграфического производства
653 Ключевые слова __
a Ключевые слова Полиграфическое оборудование
856 Электронный адрес документа 40
n Местонахождение сервера Юрайт
g Электронная книга
q Тип электронного формата html
h Имя пользователя ЮРАЙТ
v Часы доступа к ресурсу 20271231
2 Способ доступа Показать документ
x Служебное примечание https://urait.ru/book/cover/6052BEDE-4429-4B93-8BED-5483CBC44E58
u URL https://urait.ru/bcode/587771
856 Электронный адрес документа 48
q Тип электронного формата cover
u URL https://urait.ru/book/cover/6052BEDE-4429-4B93-8BED-5483CBC44E58
911 __
u 0030=https://urait.ru/bcode/587771
911 __
u 073a=9785534120233
u 073d=2559.00
911 __
u 106a=s
911 __
u 900l=
952 Тип литературы __
i Дисциплина Оборудование и технология допечатных процессов
952 Тип литературы __
i Дисциплина Технология печатных процессов
952 Тип литературы __
i Дисциплина Технология послепечатных процессов
952 Тип литературы __
i Дисциплина Проектирование полиграфического и упаковочного производства
952 Тип литературы __
i Дисциплина Материаловедение в полиграфическом и упаковочном производствах
952 Тип литературы __
i Дисциплина Основы полиграфического и упаковочного производств
952 Тип литературы __
i Дисциплина Основы полиграфического производства
952 Тип литературы __
i Дисциплина Технологии полиграфии
952 Тип литературы __
i Дисциплина Технология полиграфии
952 Тип литературы __
i Дисциплина Оборудование полиграфического производства
952 Тип литературы __
i Дисциплина Материаловедение в полиграфическом и упаковочном производстве
952 Тип литературы __
i Дисциплина Технология полиграфического производства
952 Тип литературы __
i Дисциплина Полиграфические материалы
952 Тип литературы __
i Дисциплина Оборудование полиграфического и упаковочного производства
952 Тип литературы __
i Дисциплина Основы полиграфического и упаковочного производства
952 Тип литературы __
i Дисциплина Композиционные материалы в полиграфическом производстве
952 Тип литературы __
i Дисциплина Введение в технологию полиграфического и упаковочного производства
952 Тип литературы __
i Дисциплина История полиграфического производства
952 Тип литературы __
i Дисциплина Материалы полиграфического производства
952 Тип литературы __
i Дисциплина Основы полиграфических и упаковочных производств
952 Тип литературы __
i Дисциплина Техника и технология полиграфического производства
952 Тип литературы __
i Дисциплина Полиграфическое оборудование